000 01015nam a2200277Ia 4500
003 IN-BaIIA
008 211028s9999 xx 000 0 eng d
020 _a1-58381-089-7
040 _cIIA Library
080 _a082.2:52
_bASP-249
111 _aConference on the Central Kiloparsec of Starbursts and AGN
_cLa Palma, Spain
_d2000 May 7-11
_926062
245 4 _aThe Central kiloparsec of starbursts and AGN
_bthe La Palma connection; proceedings of a conference held in La Palma, Spain, May 7-11, 2001
_cedited by J. H. Knapen…[et al.]
260 _aCalifornia
_bAstronomical Society of the Pacific
_c2001
300 _axxv, 746p.
490 _aASP conference series; v. 249
650 _aBlack holes
_97728
650 _aGalaxies
_91286
650 _aSpectroscopy
_91535
650 _aStar formation
650 _aStarbursts
_924658
700 _aBeckman, J. E., ed.
_912633
700 _aKnapen, J. H., ed.
_926063
700 _aMahoney, T. J., ed.
700 _aShlosman, I., ed.
_921982
942 _cBK
999 _c14627
_d14627